NHL Clarence S. Campbell Bowl Winners - Statistics

General Stats
  • This quiz has been taken 18 times
  • The average score is 36 of 38
Answer Stats
Season Winner % Correct
2006-07 Anaheim Ducks
100%
2003-04 Calgary Flames
100%
2009-10 Chicago Blackhawks
100%
2012-13 Chicago Blackhawks
100%
2014-15 Chicago Blackhawks
100%
2000-01 Colorado Avalanche
100%
2019-20 Dallas Stars
100%
2007-08 Detroit Red Wings
100%
2008-09 Detroit Red Wings
100%
1982-83 Edmonton Oilers
100%
1983-84 Edmonton Oilers
100%
1984-85 Edmonton Oilers
100%
1986-87 Edmonton Oilers
100%
1987-88 Edmonton Oilers
100%
2005-06 Edmonton Oilers
100%
1992-93 Los Angeles Kings
100%
2011-12 Los Angeles Kings
100%
2013-14 Los Angeles Kings
100%
2002-03 Mighty Ducks of Anaheim
100%
2016-17 Nashville Predators
100%
2015-16 San Jose Sharks
100%
2018-19 St. Louis Blues
100%
2010-11 Vancouver Canucks
100%
2017-18 Vegas Golden Knights
100%
1985-86 Calgary Flames
94%
1988-89 Calgary Flames
94%
1995-96 Colorado Avalanche
94%
1999-00 Dallas Stars
94%
1996-97 Detroit Red Wings
94%
1997-98 Detroit Red Wings
94%
2001-02 Detroit Red Wings
94%
1989-90 Edmonton Oilers
94%
1998-99 Dallas Stars
88%
1994-95 Detroit Red Wings
88%
1990-91 Minnesota North Stars
88%
1993-94 Vancouver Canucks
88%
1991-92 Chicago Blackhawks
75%
1981-82 Vancouver Canucks
69%
No matching quizzes found
Score Distribution
Percent of People with Each Score
Percentile by Number Answered
Your Score History
You have not taken this quiz